科学博物館のある自治体 - Statistics

General Stats
  • This quiz has been taken 64 times
  • The average score is 78 of 215
Answer Stats
施設名 都道府県 市町村 所在地 % Correct
秋田県立博物館 秋田県 秋田市 金足鳰崎字後山52
73%
秋田大学大学院国際資源学 研究科附属鉱業博物館 秋田市 手形字大沢28-2
73%
岩手県立博物館 岩手県 盛岡市 上田字松屋敷34
67%
盛岡市子ども科学館 盛岡市 本宮字蛇屋敷13-1
67%
神戸市立青少年科学館 神戸市中央区 港島中町7-7-6
67%
阪神・淡路大震災記念 人と防災未来センター 神戸市中央区 脇浜海岸通1-5-2
67%
熊本博物館 熊本市中央区 古京町3-2
67%
福島市子どもの夢を育む施設 こむこむ 福島市 早稲町1-1
65%
新潟県立自然科学館 新潟市中央区 女池南3-1-1
65%
旭川市科学館 北海道 旭川市 宮前1条3-3-32
63%
山形県立博物館 山形県 山形市 霞城町1-8
63%
産業技術総合研究所地質標本館 茨城県 つくば市 東1-1-1
63%
つくばエキスポセンター つくば市 吾妻2ー9
63%
千葉県立中央博物館 千葉市中央区 青葉町955-2
63%
千葉市科学館 千葉市中央区 中央4-5-1
63%
福岡市科学館 福岡市中央区 六本松4-2-1
63%
栃木県子ども総合科学館 宇都宮市 西川田町567
60%
栃木県立博物館 宇都宮市 睦町2-2
60%
国立科学博物館 台東区 上野公園7-20
60%
こども鉱物館 渋谷区 神宮前2-30-4
60%
人と科学の未来館サイピア (岡山県生涯学習センター) 岡山市北区 伊島町3-1-1
60%
鉄道博物館 さいたま市大宮区 大成町3-47
58%
NHK放送博物館 港区 愛宕2-1-1
58%
サンシャイン水族館 豊島区 東池袋3-1
58%
地下鉄博物館 江戸川区 東葛西6-3-1
58%
TEPIA先端技術館 港区 北青山2-8-44
58%
東京ガスネットワーク株式会社 がすてなーに ガスの科学館 江東区 豊洲6-1-1
58%
東京消防庁消防防災資料センター 消防博物館 新宿区 四谷3ー10
58%
日本科学未来館 江東区 青海2-3-6
58%
パナソニックセンター東京AkeruE 江東区 有明3-5-1
58%
港区立みなと科学館 港区 虎ノ門3-6-9
58%
大阪市立科学館 大阪府 大阪市北区 中之島4-2-1
58%
キッズプラザ大阪 大阪市北区 扇町2-1-7
58%
日本化石資料館 岡山市中区 山崎148-22
58%
札幌市青少年科学館 札幌市厚別区 厚別中央1条5-2-20
56%
いわき市石炭・化石館 福島県 いわき市 常磐湯本町向田3-1
56%
たばこと塩の博物館 墨田区 横川1-16-3
56%
東武博物館 墨田区 東向島4-28-16
56%
郵政博物館 墨田区 押上1-1-2
56%
馬の博物館 神奈川県 横浜市中区 根岸台1-3
56%
名古屋市科学館 名古屋市中区 栄2-17-1
56%
広島市江波山気象館 広島市中区 江波南1-40-1
56%
広島市健康づくりセンター健康科学館 広島市中区 千田町3-8-6
56%
5-Days こども文化科学館 広島市中区 基町5-83
56%
高崎市少年科学館 高崎市 末広町23-1
54%
船の科学館 品川区 東八潮3-1
54%
浜松科学館 浜松市中区 北寺島町256-3
54%
トヨタ産業技術記念館 名古屋市西区 則武新町4-1-35
54%
牛の博物館 奥州市 前沢区字南陣場103-1
52%
郡山市ふれあい科学館 郡山市 駅前2-11-1
52%
科学技術館 千代田区 北の丸公園2ー1
52%
東京工業大学博物館 目黒区 大岡山2-12-1
52%
目黒寄生虫館 目黒区 下目黒4-1-1
52%
新江ノ島水族館 藤沢市 片瀬海岸2-19-1
52%
京都コンピュータ学院KCG資料館 京都府 京都市南区 西九条寺ノ前町10-5
52%
神奈川県立生命の星・地球博物館 小田原市 入生田499
50%
セーレンプラネット 福井市自然史博物館分館 福井市 中央1-2-1
50%
福井市自然史博物館 福井市 足羽上町147
50%
三重県総合博物館 津市 一身田上津部田3060
48%
富山市科学博物館 富山市 西中野町1-8-31
46%
さじアストロパーク・佐治天文台 鳥取県 鳥取市 佐治町高山1071-1
46%
鳥取県立博物館 鳥取市 東町2-124
46%
山口県立山口博物館 山口市 春日町8-2
46%
徳島県立博物館 徳島市 八万町向寺山
46%
高知みらい科学館 高知市 追手筋2-1-1
46%
稚内市青少年科学館 稚内市 ノシャップ2-2-16
44%
久慈琥珀博物館 久慈市 小久慈町19-156-133
44%
木の葉化石園 那須塩原市 中塩原472
44%
那須塩原市那須野が原博物館 那須塩原市 三島5-1
44%
越谷市科学技術体験センター 越谷市 新越谷1-59
44%
越谷市立児童館コスモス 越谷市 千間台東2-9
44%
越谷市立児童館ヒマワリ 越谷市 蒲生旭町11-35
44%
葛飾区郷土と天文の博物館 葛飾区 白鳥3-25-1
44%
長野市立博物館分館 信州新町化石博物館 長野市 信州新町上条87-1
44%
岐阜市科学館 岐阜市 本荘3456-41
44%
岐阜天文台 岐阜市 柳津町高桑西3-75
44%
滋賀県立琵琶湖博物館 滋賀県 草津市 下物町1091
44%
姫路科学館 姫路市 青山1470-15
44%
福井県立恐竜博物館 勝山市 村岡町寺尾51-11
42%
雲仙岳災害記念館 長崎県 島原市 平成町1-1
42%
スリーエム仙台市科学館 宮城県 仙台市青葉区 台原森林公園4-1
40%
仙台市天文台 仙台市青葉区 錦ヶ丘9丁目29-32
40%
埼玉県立自然の博物館 秩父郡長瀞町 長瀞1417-1
40%
観音崎自然博物館 横須賀市 鴨居4-1120
40%
横須賀市自然・人文博物館 横須賀市 深田台95
40%
のとじま水族館 石川県 七尾市 能登島曲町15部40
40%
東海大学海洋科学博物館 静岡市清水区 三保2389
40%
真珠博物館 鳥羽市 鳥羽1-7-1
40%
鳥羽水族館 鳥羽市 鳥羽3-3-6
40%
香川県立五色台少年自然センター 香川県 高松市 生島町423番地
40%
情報通信交流館 e-とぴあ・かがわ 高松市 サンポート2-1
40%
宮崎科学技術館 宮崎県 宮崎市 宮崎駅東1-2-2
40%
宮崎県総合博物館 宮崎市 神宮2-4-4
40%
宮崎大学農学部附属農業博物館 宮崎市 学園木花台西1-1
40%
鹿児島市立科学館 鹿児島市 鴨池2-31-18
40%
沖縄県立博物館・美術館 沖縄県 那覇市 おもろまち3-1-1
40%
釧路市こども遊学館 釧路市 幸町10-2
38%
千葉県立現代産業科学館 市川市 鬼高1-1-3
38%
ロマンスカーミュージアム 海老名市 めぐみ町1-3
38%
ひだ宇宙科学館 カミオカラボ 飛騨市 神岡町夕陽ヶ丘6番地
38%
静岡科学館 る・く・る 静岡市駿河区 南町14-25
38%
ふじのくに地球環境史ミュージアム 静岡市駿河区 大谷5762
38%
京都鉄道博物館 京都市下京区 観喜寺町
38%
鞍馬山博物館(鞍馬山霊宝殿) 京都市左京区 鞍馬本町1074
38%
島津製作所 創業記念資料館 京都市中京区 木屋町二条南
38%
明石市立天文科学館 兵庫県 明石市 人丸町2-6
38%
倉敷科学センター 倉敷市 福田町古新田940
38%
倉敷昆虫館 倉敷市 幸町2-30
38%
倉敷市立自然史博物館 倉敷市 中央2-6-1
38%
苫小牧市科学センター 苫小牧市 旭町3-1-12
35%
日立シビックセンター科学館サクリエ 日立市 幸町1-21-1
35%
川口市立科学館 川口市 上青木3-12-18
35%
山梨県立科学館 山梨県 甲府市 愛宕町358-1
35%
博物館明治村 犬山市 内山1
35%
京都市青少年科学センター 京都市伏見区 深草池ノ内町13
35%
玄武洞ミュージアム 豊岡市 赤石1362
35%
出雲科学館 島根県 出雲市 今市町1900-2
35%
美祢市立秋吉台科学博物館 美祢市 秋芳町秋吉1237-938
35%
美祢市歴史民俗資料館 美祢市 大嶺町東分279-1
35%
佐賀県立宇宙科学館 佐賀県 武雄市 武雄町大字永島16351
35%
原子力の科学館 あっとほうむ 福井県 敦賀市 吉河37-1
33%
福井県児童科学館 坂井市 春江町東太郎丸3-1
33%
トヨタ博物館 長久手市 横道41-100
33%
豊橋市自然史博物館 豊橋市 大岩町字大穴1-238
33%
滋賀サファリ博物館 甲賀市 信楽町黄瀬2854-2
33%
みなくち子どもの森 甲賀市 水口町北内貴10
33%
東芝未来科学館 川崎市幸区 堀川町72-34
31%
岐阜かかみがはら航空宇宙博物館 岐阜県 各務原市 下切町5丁目1番地
31%
世界淡水魚園水族館 アクア・トトぎふ 各務原市 川島笠田町1453
31%
内藤記念くすり博物館 各務原市 川島町竹早町1
31%
ふくしま森の科学体験センター 須賀川市 虹の台100
29%
群馬県立自然史博物館 富岡市 上黒岩1674ー1
29%
所沢航空発祥記念館 所沢市 並木1-13
29%
板橋区立教育科学館 東京都 板橋区 常盤台4-14-1
29%
多摩六都科学館 西東京市 芝久保町5-10-64
29%
福井県自然保護センター 大野市 南六呂師169-11-2
29%
神宮徴古館農業館 三重県 伊勢市 神田久志本町1754-1
29%
福山自動車時計博物館 福山市 北吉津町3-1-22
29%
フェライト子ども科学館 にかほ市 平沢字宝田4-1
27%
エジソンミュージアム 栃木県 下都賀郡壬生町 おもちゃのまち3-6-20
27%
黒部市吉田科学館 富山県 黒部市 吉田574-1
27%
飯田市美術博物館 飯田市 追手町2-655-7
27%
奇石博物館 静岡県 富士宮市 山宮3670
27%
富士川楽座 富士市 岩淵1488-1
27%
伊丹市昆虫館 伊丹市 昆陽池3-1
27%
広島市交通科学館 広島市安佐南区 長楽寺2-12-2
27%
北九州市科学館(スペースLABO) 福岡県 北九州市八幡東区 東田4-1-1
27%
北九州市立自然史・歴史博物館 北九州市八幡東区 東田2-4-1
27%
群馬県立ぐんま昆虫の森 群馬県 桐生市 新里町鶴ヶ谷460-1
25%
東京農工大学科学博物館 小金井市 中町2-24-16
25%
上越科学館 上越市 下門前446-2
25%
津山科学教育博物館 (つやま自然のふしぎ館) 津山市 山下98-1
25%
阿蘇火山博物館 熊本県 阿蘇市 赤水1930-1
25%
磐梯山噴火記念館 耶麻郡北塩原村 桧原字剣ヶ峯1093-36
23%
はまぎんこども宇宙科学館 横浜市磯子区 洋光台5-2-1
23%
中津川市鉱物博物館 中津川市 苗木639-15
23%
愛知学院大学 歯学部歯科資料展示室 愛知県 名古屋市千種区 楠元町1-100
23%
鳳来寺山自然科学博物館 新城市 門谷字森脇6
23%
南知多ビーチランド 知多郡美浜町 奥田428-1
23%
兵庫県立大学天文科学センター 西はりま天文台 佐用郡佐用町 西河内407-2
23%
橿原市昆虫館 奈良県 橿原市 南山町624
23%
岡山天文博物館 岡山県 浅口市 鴨方町本庄3037ー5
23%
防府市青少年科学館 山口県 防府市 寿町6-41
23%
府中市郷土の森博物館 府中市 南町6ー32
21%
蒲郡市生命の海科学館 蒲郡市 港町17-17
21%
大阪市立自然史博物館 大阪市東住吉区 長居公園1-23
21%
兵庫県立人と自然の博物館 三田市 弥生が丘6
21%
島根県立三瓶自然館 大田市 三瓶町多根1121-8
21%
呉市海事歴史科学館 大和ミュージアム 広島県 呉市 宝町5-20
21%
天草市立御所浦白亜紀資料館 天草市 御所浦町御所浦4310-5
21%
ミュージアムパーク茨城県自然博物館 坂東市 大崎700
19%
富山県 立山博物館 中新川郡立山町 芦峅寺93-1
19%
富山県立山カルデラ砂防博物館 中新川郡立山町 芦峅寺字ブナ坂68
19%
佐久市子ども未来館 佐久市 大字岩村田1931-1
19%
笠岡市立カブトガニ博物館 笠岡市 横島1946ー2
19%
愛媛県総合科学博物館 愛媛県 新居浜市 大生院2133-2
19%
龍河洞博物館 香美市 土佐山田町逆川1424
19%
熊本県博物館ネットワークセンター 宇城市 松橋町豊福1695
19%
琉球大学博物館 (風樹館) 中頭郡西原町 字千原1
19%
日本工業大学 工業技術博物館 南埼玉郡宮代町 学園台4-1
17%
川崎市青少年科学館 (かわさき宙と緑の科学館) 川崎市多摩区 枡形7-1-2
17%
平塚市博物館 平塚市 浅間町12-41
17%
糸魚川フォッサマグナミュージアム 新潟県 糸魚川市 一ノ宮1313番地
17%
大町エネルギー博物館 大町市 大字平2112-38
17%
岐阜県博物館 関市 小屋名字小洞1989
17%
サイエンスワールド (岐阜県先端科学技術体験センター) 瑞浪市 明世町戸狩54
17%
瑞浪鉱物展示館 瑞浪市 寺河戸町1205
17%
ディスカバリーパーク焼津天文科学館 焼津市 田尻2968-1
17%
高槻市立自然博物館(あくあぴあ芥川) 高槻市 南平台5-59-1
17%
福岡県青少年科学館 久留米市 東櫛原町1713
17%
御船町恐竜博物館 上益城郡御船町 大字御船995-6
17%
陸前高田市立博物館 陸前高田市 矢作町字二田野55
15%
貝塚市立自然遊学館 貝塚市 二色3-26-1
15%
日原天文台 鹿足郡津和野町 枕瀬806-1
15%
越知町立横倉山自然の森博物館 高知県 高岡郡越知町 越知丙737-12
15%
南阿蘇ルナ天文台 阿蘇郡南阿蘇村 白川1810
15%
入間市博物館 埼玉県 入間市 大字二本木100番地
13%
碧南海浜水族館 碧南市 浜町2-3
13%
多賀町立博物館 犬上郡多賀町 大字四手976-2
13%
きしわだ自然資料館 岸和田市 堺町6-5
13%
面河山岳博物館 上浮穴郡久万高原町 若山650番地1
13%
出水市ツル博物館クレインパークいずみ 鹿児島県 出水市 文化町1000
13%
福島県環境創造センター 田村郡三春町 深作10-2
10%
戸田市立郷土博物館彩湖自然学習センター 戸田市 大字内谷2887
10%
月光天文台 田方郡函南町 桑原1308-222
10%
屋久杉自然館 熊毛郡屋久島町 安房2739-343
10%
ツムラ漢方記念館 稲敷郡阿見町 吉原3586
8%
我孫子市鳥の博物館 千葉県 我孫子市 高野山234-3
8%
佐川地質館 高岡郡佐川町 甲360
8%
滝川市美術自然史館 滝川市 新町2-5-30
6%
東金こども科学館 東金市 八坂台1-2107-3
6%
徳島県立あすたむらんど子ども科学館 徳島県 板野郡板野町 那東字キビガ谷45-22
6%
鴨川シーワールド 鴨川市 東町1464-18
4%
大鹿村中央構造線博物館 下伊那郡大鹿村 大河原988
4%
阿南町化石館 長野県 下伊那郡阿南町 富草3905
2%
No matching quizzes found
Score Distribution
Percent of People with Each Score
Percentile by Number Answered
Your Score History
You have not taken this quiz